Sayuvane chiranjivi (Record no. 138415)

MARC details
000 -LEADER
fixed length control field 00932nam a2200277Ia 4500
003 - CONTROL NUMBER IDENTIFIER
control field OSt
005 - DATE AND TIME OF LATEST TRANSACTION
control field 20251117123503.0
008 - FIXED-LENGTH DATA ELEMENTS--GENERAL INFORMATION
fixed length control field 210210b2008 xxu||||| |||| 00| 0 eng d
040 ## - CATALOGING SOURCE
Transcribing agency AL
041 ## - LANGUAGE CODE
Language code of text/sound track or separate title Kannada
082 ## - DEWEY DECIMAL CLASSIFICATION NUMBER
Classification number K894.2 SHAS
100 ## - MAIN ENTRY--PERSONAL NAME
Personal name SHASHIDHARA BHARIGHAT
Dates associated with a name ಶಶಿಧರ ಭಾರಿಘಾಟ್
9 (RLIN) 245942
245 ## - TITLE STATEMENT
Title Sayuvane chiranjivi
Remainder of title ಸಾಯುವನೇ ಚಿರಂಜೀವಿ
260 ## - PUBLICATION, DISTRIBUTION, ETC.
Place of publication, distribution, etc. Bangaluru
Name of publisher, distributor, etc. Not Mentioned
Date of publication, distribution, etc. 2008
300 ## - PHYSICAL DESCRIPTION
Extent xiii-66
520 ## - SUMMARY, ETC.
Summary, etc. ಏಕವ್ಯಕ್ತಿ ಪ್ರದರ್ಶನಕ್ಕೆ ಸಿದ್ಧಗೊಂಡ ನಾಟಕ Ekavyakti pradarshanakkagi siddhagonda nataka
650 ## - SUBJECT ADDED ENTRY--TOPICAL TERM
Topical term or geographic name entry element siddhagonda
9 (RLIN) 245943
650 ## - SUBJECT ADDED ENTRY--TOPICAL TERM
Topical term or geographic name entry element Sayuvane
9 (RLIN) 245944
650 ## - SUBJECT ADDED ENTRY--TOPICAL TERM
Topical term or geographic name entry element pradarshanakkagi
9 (RLIN) 245945
650 ## - SUBJECT ADDED ENTRY--TOPICAL TERM
Topical term or geographic name entry element nataka
9 (RLIN) 245946
650 ## - SUBJECT ADDED ENTRY--TOPICAL TERM
Topical term or geographic name entry element Ekavyakti
9 (RLIN) 245947
650 ## - SUBJECT ADDED ENTRY--TOPICAL TERM
Topical term or geographic name entry element chiranjivi
9 (RLIN) 245948
690 ## - LOCAL SUBJECT ADDED ENTRY--TOPICAL TERM (OCLC, RLIN)
Topical term or geographic name as entry element Kannada Drama
9 (RLIN) 245949
906 ## - LOCAL DATA ELEMENT F, LDF (RLIN)
a 063576
942 ## - ADDED ENTRY ELEMENTS (KOHA)
Source of classification or shelving scheme Dewey Decimal Classification
Koha item type Book
Holdings
Withdrawn status Lost status Source of classification or shelving scheme Damaged status Not for loan Collection code Home library Current library Shelving location Date acquired Cost, normal purchase price Total Checkouts Full call number Barcode Date last seen Price effective from Koha item type
    Dewey Decimal Classification     Kannada St Aloysius Library St Aloysius Library   02/17/2021 50.00   K894.2 SHAS 063576 02/17/2021 02/17/2021 Book